| 000 | 01261namaa22003251i 4500 | ||
|---|---|---|---|
| 003 | EG-GICUC | ||
| 005 | 20260309112833.0 | ||
| 008 | 260226s2001 ua ||||jr|||| 001 0 ara d | ||
| 017 |
_a2002 / 1794 _bدار الكتب والوثائق القومية (مصر) |
||
| 020 | _a9772413957 | ||
| 040 |
_aEG-GiCUC _bara _cEG-GiCUC _dEG-GiCUC _erda |
||
| 043 | _af----ua | ||
| 082 | 0 | 4 |
_221 _a415.1 _bI121 |
| 092 | 0 | 4 |
_221 _a415.1 _bI121 |
| 099 | _a415.1 I121 2001 | ||
| 100 | 1 |
_aعبادة، محمد إبراهيم _eمؤلف. |
|
| 245 | 1 | 2 |
_aالجملة العربية : _b / مكوناتها.أنواعها.تحليلها _cتأليف دكتور محمد إبراهيم عبادة |
| 250 | _aالطبعة الثانية | ||
| 264 |
_aالقاهرة (مصر) : _bمكتبة الآداب، _c2001. |
||
| 300 |
_a208 : صفحة _bإيضاحيات، _c24 سم |
||
| 336 |
_2rdacontent _atext |
||
| 337 |
_2rdamedia _aUnmediated |
||
| 338 |
_2rdacarrier _avolume |
||
| 504 | _aيشتمل على ارجاعات ببليوجرافية وكشافات | ||
| 541 |
_aد. جابر عصفور ؛ _bالقاهرة ؛ _cإهداء ؛ _d2024. |
||
| 650 | 1 | 7 |
_aاللغة العربية _xنحو _2qrmak |
| 651 | 1 | _2qrmak | |
| 905 | _aNermeen | ||
| 942 |
_2ddc _cBK _e21 _n0 |
||
| 999 |
_c178758 _d178758 |
||